000 00629nam a2200205 i 4500
001 64966
003 ES-MaACL
005 20230906165253.0
007 t|
008 040107s1955 sp ||||1| spa d
100 1 _aFox, James.
_952026
245 1 4 _aLas zapatillas rojas /
_cJames Fox ; [versión española de Rosa S. de Naveira].
260 _aBarcelona :
_bCaralt,
_c[1955] (
_fBallesteros)
300 _a203 p. ;
_c18 cm.
490 1 _aBiblioteca internacional
700 1 _aNaveira, Rosa S. de.
_985223
830 0 _aBiblioteca internacional
_9182937
852 _aES-MaACL
_jC-16700
_bR.44512
999 _c64966
_d64966